[Event "Camp. rumeno 2015"]
[Site "Calimanesti ROM"]
[Date "2015.04.24"]
[Round "7"]
[White "Banzea, Alexandru Bogdan"]
[Black "Florescu, Codrut-Constantin"]
[Result "1-0"]
[WhiteElo "2151"]
[BlackElo "2249"]
[PlyCount "63"]
[EventDate "2015.04.18"]
[EventRounds "9"]

1. e4 c5 2. Nf3 e6 3. d4 cxd4 4. Nxd4 Nf6 5. Nc3 d6 6. g4 a6 7. g5 Nfd7 8. h4
b5 9. a3 Bb7 10. h5 Nc5 11. Qg4 Nc6 12. Be3 Rc8 13. O-O-O Ne5 14. Qg2 Ncd7 15.
g6 Rxc3 16. bxc3 Nf6 17. gxf7+ Kxf7 18. Rh4 Qc8 19. Kd2 d5 20. f3 Bxa3 21. Bd3
Bb2 22. Ne2 dxe4 23. fxe4 b4 24. Bd4 bxc3+ 25. Ke3 Nxd3 26. Kxd3 Qd8 27. Rg1
Rg8 28. Qg5 Bc6 29. Ke3 Ba3 30. Rf4 e5 31. Qxe5 Bd6 32. Rxg7+ 1-0

[Event "Camp. rumeno 2015"]
[Site "Calimanesti ROM"]
[Date "2015.04.25"]
[Round "8"]
[White "Florescu, Codrut-Constantin"]
[Black "Acsinte, Matei-Ionut"]
[Result "1/2-1/2"]
[WhiteElo "2249"]
[BlackElo "2118"]
[PlyCount "44"]
[EventDate "2015.04.18"]
[EventRounds "9"]

1. d4 Nf6 2. Nf3 e6 3. c4 c5 4. d5 b5 5. Bg5 exd5 6. cxd5 h6 7. Bh4 g5 8. Bg3
Bg7 9. e3 O-O 10. Be2 d6 11. O-O a6 12. a4 b4 13. Nbd2 Bb7 14. e4 Qe7 15. Bd3
Nh5 16. Nc4 Nxg3 17. hxg3 Nd7 18. a5 Ne5 19. Nfxe5 Bxe5 20. Nxe5 Qxe5 21. Qc2
Kg7 22. Rae1 Rae8 1/2-1/2

[Event "Weekend sahist clujean - Editia 1"]
[Site "Cluj-Napoca"]
[Date "2015.03.27"]
[Round "1.2"]
[White "Pop, Ioan"]
[Black "Florescu, Codrut-Constantin"]
[Result "0-1"]
[WhiteElo "1759"]
[BlackElo "2213"]
[PlyCount "72"]
[EventDate "2015.03.27"]
[EventRounds "6"]

1. e4 c5 2. Nf3 e6 3. d4 cxd4 4. c3 dxc3 5. Nxc3 Nc6 6. e5 d5 7. Bb5 Nge7 8.
O-O a6 9. Bd3 Ng6 10. Bxg6 hxg6 11. Bf4 Bd7 12. a3 Rc8 13. Rc1 Be7 14. Ne2 g5
15. Bg3 O-O 16. Ned4 Nxd4 17. Qxd4 Rc4 18. Rxc4 dxc4 19. Rc1 b5 20. Qg4 Bc6 21.
Nd4 Qd5 22. Nxc6 Qxc6 23. Rc3 Rd8 24. h4 Qd5 25. hxg5 Qd4 26. Qxd4 Rxd4 27. Kh2
Bxg5 28. f4 Be7 29. Rc2 g5 30. Kh3 Kh7 31. Kg4 Kg6 32. a4 Rd7 33. axb5 axb5 34.
Kf3 f5 35. fxg5 Rd3+ 36. Kf2 Bc5+ 0-1

[Event "Weekend sahist clujean - Editia 1"]
[Site "Cluj-Napoca"]
[Date "2015.03.28"]
[Round "3.2"]
[White "Helmer, Janos"]
[Black "Florescu, Codrut-Constantin"]
[Result "0-1"]
[WhiteElo "2099"]
[BlackElo "2213"]
[PlyCount "96"]
[EventDate "2015.03.27"]
[EventRounds "6"]

1. Nf3 f5 2. c4 Nf6 3. Nc3 e6 4. g3 d5 5. d4 c6 6. Bg2 Bd6 7. O-O O-O 8. Bf4
Bxf4 9. gxf4 Bd7 10. Ne5 Be8 11. Qb3 Qb6 12. c5 Qc7 13. Qc2 Kh8 14. b4 Rg8 15.
e3 Nbd7 16. f3 Nh5 17. Qf2 Nxe5 18. fxe5 f4 19. e4 g5 20. Bh3 Rg6 21. Kh1 Ng7
22. Rg1 Rh6 23. Bf1 Qe7 24. Bd3 Rh4 25. a4 Bg6 26. Rad1 Nh5 27. exd5 exd5 28.
Bxg6 Ng3+ 29. Rxg3 fxg3 30. Qxg3 hxg6 31. Ne2 Rf8 32. Rf1 Kh7 33. Kg2 Qe6 34.
Rd1 Qf5 35. Rd2 Kg7 36. Ng1 Rf4 37. h3 Kf7 38. b5 Ke6 39. Qf2 Qb1 40. bxc6 bxc6
41. Rb2 Qd1 42. Rd2 Qxa4 43. Qe3 Rb8 44. Ne2 Rf5 45. Ng3 Rb3 46. Rd3 Qa2+ 47.
Ne2 Rb2 48. Kf1 Qa1+ 0-1

[Event "Weekend sahist clujean - Editia 1"]
[Site "Cluj-Napoca"]
[Date "2015.03.29"]
[Round "5.2"]
[White "Florescu, Codrut-Constantin"]
[Black "Sarkozi, Romeo"]
[Result "1-0"]
[WhiteElo "2213"]
[BlackElo "2074"]
[PlyCount "35"]
[EventDate "2015.03.27"]
[EventRounds "6"]

1. d4 Nf6 2. Nf3 d6 3. c4 g6 4. Nc3 Bg7 5. e4 c6 6. Be2 O-O 7. O-O Qc7 8. h3
Nbd7 9. Be3 e5 10. Qc2 Re8 11. d5 c5 12. Nd2 a6 13. a3 Nf8 14. b4 b6 15. Rab1
Nh5 16. Bxh5 gxh5 17. Qd1 f5 18. Qxh5 1-0

[Event "Weekend sahist clujean - Editia 1"]
[Site "Cluj-Napoca"]
[Date "2015.03.29"]
[Round "6.1"]
[White "Anton, Teodor"]
[Black "Florescu, Codrut-Constantin"]
[Result "1/2-1/2"]
[WhiteElo "2419"]
[BlackElo "2213"]
[PlyCount "88"]
[EventDate "2015.03.27"]
[EventRounds "6"]

1. c4 e6 2. Nf3 d5 3. g3 Nf6 4. Bg2 Be7 5. O-O O-O 6. d4 c6 7. b3 Nbd7 8. Bb2
b6 9. Nbd2 Bb7 10. Rc1 Rc8 11. a3 c5 12. cxd5 exd5 13. Re1 Re8 14. e3 Bf8 15.
Rc2 Ne4 16. dxc5 Ndxc5 17. Bf1 Qe7 18. b4 Ne6 19. Rxc8 Rxc8 20. Nxe4 dxe4 21.
Nd4 Nxd4 22. Bxd4 Qd7 23. Qa1 Rc2 24. Qb1 Rc8 25. Rd1 Qe6 26. Qb2 Qd7 27. Qb3
Bd5 28. Qb1 Qe6 29. Ba6 Rc7 30. Rc1 Rxc1+ 31. Qxc1 Qd7 32. Qc2 f6 33. Bc4 Bxc4
34. Qxc4+ Kh8 35. h4 h6 36. Kg2 Kh7 37. Qc2 Qg4 38. Kg1 Bd6 39. Qd2 Qe6 40. Kg2
Qg4 41. Bc3 Qf3+ 42. Kg1 Bxg3 43. fxg3 Qxg3+ 44. Kf1 Qh3+ 1/2-1/2

[Event "8th Arad , Open"]
[Site "?"]
[Date "2015.08.07"]
[Round "?"]
[White "Florescu, Codrut-Constantin"]
[Black "Martinovic, Sasa"]
[Result "1-0"]
[WhiteElo "2269"]
[BlackElo "2532"]
[PlyCount "87"]
[EventDate "2015.??.??"]

1. e4 e6 2. d4 d5 3. Nc3 Bb4 4. Nge2 Nc6 5. e5 f6 6. Nf4 fxe5 7. Qh5+ Kf8 8.
dxe5 Qe8 9. Qxe8+ Kxe8 10. Nd3 Bxc3+ 11. bxc3 b6 12. h4 Ba6 13. Rh3 Nge7 14. h5
Bxd3 15. cxd3 Nxe5 16. Re3 Ng4 17. Rxe6 Kd7 18. Re2 Nh2 19. Bf4 Nxf1 20. Kxf1
Nc6 21. h6 Rhf8 22. g3 g6 23. Rae1 Rf5 24. Kg2 Raf8 25. Rf1 g5 26. Bc1 Ne5 27.
Bxg5 Nxd3 28. f4 Kc6 29. Re6+ Kb5 30. Rb1+ Kc4 31. Rc6+ Nc5 32. Rxc7 R5f7 33.
Rxf7 Rxf7 34. Rf1 Ne4 35. Rf3 b5 36. g4 Nxc3 37. f5 Nxa2 38. Bh4 d4 39. g5 d3
40. g6 d2 41. gxf7 d1=Q 42. f8=Q Qe2+ 43. Rf2 Qe4+ 44. Kh2 1-0

[Event "Campionatele Nationale echipe - Div A -"]
[Site "Calimanesti-Caciulata"]
[Date "2014.11.08"]
[Round "1.5"]
[White "Pop, Alexandru"]
[Black "Florescu, Codrut-Constantin"]
[Result "0-1"]
[WhiteElo "2201"]
[BlackElo "2089"]
[PlyCount "64"]
[EventDate "2014.11.08"]
[EventType "team"]
[EventRounds "9"]
[WhiteTeam "CS OTOPENI"]
[BlackTeam "CS APOLLO SATU-MARE"]

1. d4 Nf6 2. c4 d6 3. Nf3 Nbd7 4. Nc3 e5 5. g3 Be7 6. Bg2 O-O 7. O-O c6 8. e4
Qc7 9. h3 a6 10. a4 a5 11. Be3 Re8 12. Qc2 Bf8 13. Rad1 exd4 14. Nxd4 Nc5 15.
Rfe1 Na6 16. f4 Nd7 17. Qf2 Ndc5 18. Rd2 Nb4 19. Red1 b6 20. e5 dxe5 21. Nxc6
Nxc6 22. Nb5 Qb7 23. Nd6 Bxd6 24. Rxd6 e4 25. Bxc5 bxc5 26. Bxe4 Ra6 27. Qxc5
Qb3 28. R1d3 Qb4 29. Rxc6 Qe1+ 30. Kh2 Bb7 31. Qe7 Bxc6 32. Rd8 Qf2+ 0-1

[Event "Campionatele Nationale echipe - Div A -"]
[Site "Calimanesti-Caciulata"]
[Date "2014.11.09"]
[Round "2.5"]
[White "Florescu, Codrut-Constantin"]
[Black "Acsinte, Matei-Ionut"]
[Result "1-0"]
[WhiteElo "2089"]
[BlackElo "2192"]
[PlyCount "39"]
[EventDate "2014.11.08"]
[EventType "team"]
[EventRounds "9"]
[WhiteTeam "CS APOLLO SATU-MARE"]
[BlackTeam "CS PETROM FLACARA MORENI"]

1. d4 Nf6 2. Nf3 g6 3. Nc3 d5 4. Bf4 Bg7 5. e3 O-O 6. Be2 a6 7. Ne5 c5 8. h4
Nc6 9. h5 gxh5 10. Nxc6 bxc6 11. Be5 cxd4 12. exd4 Bf5 13. Qd2 Bg6 14. O-O-O
Qa5 15. f4 Rab8 16. a3 c5 17. f5 Bxf5 18. Qf4 Qb6 19. Bxb8 Rxb8 20. Na4 1-0

[Event "Campionatele Nationale echipe - Div A -"]
[Site "Calimanesti-Caciulata"]
[Date "2014.11.10"]
[Round "3.5"]
[White "Neagu, Liviu"]
[Black "Florescu, Codrut-Constantin"]
[Result "1/2-1/2"]
[WhiteElo "2094"]
[BlackElo "2089"]
[PlyCount "88"]
[EventDate "2014.11.08"]
[EventType "team"]
[EventRounds "9"]
[WhiteTeam "CS UNIVERSITATEA TARGOVISTE"]
[BlackTeam "CS APOLLO SATU-MARE"]

1. e4 d5 2. exd5 Nf6 3. d4 Nxd5 4. c4 Nb6 5. Nc3 e5 6. dxe5 Qxd1+ 7. Nxd1 Nc6
8. Nf3 Be6 9. Ne3 Bc5 10. Bd2 O-O-O 11. Rc1 h6 12. Be2 g5 13. h3 Rhg8 14. g4
Nd4 15. b3 Nxf3+ 16. Bxf3 Bd4 17. Bc3 Bxc3+ 18. Rxc3 Nd7 19. Nd5 Bxd5 20. Bxd5
Nxe5 21. Re3 Rge8 22. O-O c6 23. Be4 Rd4 24. f3 Kc7 25. Rfe1 f6 26. Kf2 a5 27.
Kg3 Rd2 28. R3e2 Rxe2 29. Rxe2 Ng6 30. Rd2 Nf4 31. h4 a4 32. hxg5 hxg5 33. Kf2
Rd8 34. b4 a3 35. c5 Rh8 36. Ke3 Rh1 37. Kd4 Re1 38. Kc4 Re3 39. b5 cxb5+ 40.
Kxb5 Ne2 41. Kb4 Nc3 42. Rd3 Nxa2+ 43. Kxa3 Rxd3+ 44. Bxd3 Nc3 1/2-1/2

[Event "Campionatele Nationale echipe - Div A -"]
[Site "Calimanesti-Caciulata"]
[Date "2014.11.11"]
[Round "4.5"]
[White "Tufa, Mihai"]
[Black "Florescu, Codrut-Constantin"]
[Result "0-1"]
[WhiteElo "1994"]
[BlackElo "2089"]
[PlyCount "68"]
[EventDate "2014.11.08"]
[EventType "team"]
[EventRounds "9"]
[WhiteTeam "SAH-CLUB DIANA GALATI"]
[BlackTeam "CS APOLLO SATU-MARE"]

1. e4 c5 2. c3 Nf6 3. e5 Nd5 4. d4 cxd4 5. Nf3 e6 6. cxd4 d6 7. Bd3 Bd7 8. O-O
Bc6 9. Nc3 Nxc3 10. bxc3 Nd7 11. Bf4 dxe5 12. Bxe5 Be7 13. Bxg7 Rg8 14. Be5
Nxe5 15. dxe5 Qd5 16. Be2 Qe4 17. Re1 Rd8 18. Qb1 Qg4 19. g3 Bxf3 20. Qxh7 Bxe2
21. Rxe2 Qxe2 22. Qxg8+ Bf8 23. Qg5 Rd5 24. Rb1 b6 25. Qf4 Bc5 26. Rf1 Rxe5 27.
Qa4+ Kf8 28. Qxa7 Rf5 29. Qa8+ Kg7 30. Qg2 Qxa2 31. g4 Rf4 32. Qg3 Qc4 33. h3
Qe4 34. Qh4 f6 0-1

[Event "Campionatele Nationale echipe - Div A -"]
[Site "Calimanesti-Caciulata"]
[Date "2014.11.13"]
[Round "6.5"]
[White "Fulger, Ionut-Alexandru"]
[Black "Florescu, Codrut-Constantin"]
[Result "0-1"]
[WhiteElo "1978"]
[BlackElo "2089"]
[PlyCount "88"]
[EventDate "2014.11.08"]
[EventType "team"]
[EventRounds "9"]
[WhiteTeam "CS CHINDIA TARGOVISTE"]
[BlackTeam "CS APOLLO SATU-MARE"]

1. d4 f5 2. Nc3 Nf6 3. Bg5 d5 4. Bxf6 exf6 5. e3 c6 6. Bd3 Bd6 7. Qf3 Qd7 8.
Nge2 Na6 9. a3 Nc7 10. Ng3 g6 11. h4 Ne6 12. Qe2 Qc7 13. Nf1 Bd7 14. g3 O-O-O
15. O-O-O Rde8 16. Qd2 Kb8 17. Nh2 f4 18. exf4 Nxf4 19. Kb1 Nxd3 20. Qxd3 Bf5
21. Qd2 Re7 22. Rde1 Rhe8 23. Rxe7 Qxe7 24. Nf3 Bg4 25. Re1 Qd7 26. Rxe8+ Qxe8
27. Nh2 Bf5 28. Nf1 Qe7 29. Ne3 Bc8 30. Ka2 Qe6 31. Na4 b6 32. b4 g5 33. hxg5
fxg5 34. Qe2 Qf6 35. c3 h5 36. Nb2 h4 37. Ng4 Qe6 38. Ne5 Bxe5 39. dxe5 h3 40.
f3 d4+ 41. c4 b5 42. f4 bxc4 43. f5 Qd5 44. e6 d3 0-1

[Event "Campionatele Nationale echipe - Div A -"]
[Site "Calimanesti-Caciulata"]
[Date "2014.11.14"]
[Round "7.5"]
[White "Florescu, Codrut-Constantin"]
[Black "Duca, Alexandru-Gabriel"]
[Result "1/2-1/2"]
[WhiteElo "2089"]
[BlackElo "2278"]
[PlyCount "27"]
[EventDate "2014.11.08"]
[EventType "team"]
[EventRounds "9"]
[WhiteTeam "CS APOLLO SATU-MARE"]
[BlackTeam "CSU BRASOV"]

1. c4 Nf6 2. Nf3 b6 3. g3 Bb7 4. Bg2 e6 5. O-O Be7 6. d4 O-O 7. Nc3 Ne4 8. Nxe4
Bxe4 9. Ne1 Bxg2 10. Nxg2 d6 11. b3 Nd7 12. Bb2 Bf6 13. Qd2 e5 14. Rad1 1/2-1/2

[Event "Campionatele Nationale echipe - Div A -"]
[Site "Calimanesti-Caciulata"]
[Date "2014.11.15"]
[Round "8.5"]
[White "Calin, Alexandru"]
[Black "Florescu, Codrut-Constantin"]
[Result "0-1"]
[WhiteElo "2203"]
[BlackElo "2089"]
[PlyCount "60"]
[EventDate "2014.11.08"]
[EventType "team"]
[EventRounds "9"]
[WhiteTeam "ACS SAH-CLUB VADOS ARAD"]
[BlackTeam "CS APOLLO SATU-MARE"]

1. d4 Nf6 2. Nf3 e6 3. g3 b5 4. Bg2 Bb7 5. O-O Be7 6. b3 O-O 7. c4 a6 8. Bb2 c5
9. Nbd2 cxd4 10. Bxd4 Nc6 11. Bb2 Qb6 12. e3 Rac8 13. Qe2 Rfd8 14. Nd4 Nb4 15.
Bxb7 Qxb7 16. a3 Nc6 17. cxb5 Nxd4 18. Bxd4 axb5 19. Qd3 Qd5 20. e4 Qh5 21. f3
d5 22. e5 Nd7 23. f4 f6 24. Nf3 fxe5 25. Nxe5 Nxe5 26. Bxe5 d4 27. Rfd1 Rc3 28.
Qf1 Rc2 29. h3 d3 30. Rxd3 Bc5+ 0-1

[Event "Campionatele Nationale echipe - Div A -"]
[Site "Calimanesti-Caciulata"]
[Date "2014.11.16"]
[Round "9.5"]
[White "Florescu, Codrut-Constantin"]
[Black "Grozav, Valeriu-Gheorghe"]
[Result "1/2-1/2"]
[WhiteElo "2089"]
[BlackElo "2163"]
[PlyCount "25"]
[EventDate "2014.11.08"]
[EventType "team"]
[EventRounds "9"]
[WhiteTeam "CS APOLLO SATU-MARE"]
[BlackTeam "CS MUNCITORUL RESITA"]

1. e4 c5 2. Nf3 d6 3. d4 cxd4 4. Nxd4 Nf6 5. Nc3 e6 6. Be2 a6 7. O-O Qc7 8. a4
b6 9. f4 Bb7 10. Bf3 Nbd7 11. Kh1 Be7 12. Qe2 O-O 13. Be3 1/2-1/2

[Event "Cupa Prieteniei"]
[Site "Satu Mare Str. Marsilia Nr.1"]
[Date "2014.09.22"]
[Round "1.4"]
[White "Ambru, Dan Calin"]
[Black "Florescu, Codrut-Constantin"]
[Result "1/2-1/2"]
[WhiteElo "2032"]
[BlackElo "2191"]
[PlyCount "38"]
[EventDate "2014.09.22"]
[EventRounds "9"]

1. Nf3 Nf6 2. c4 d6 3. g3 e5 4. Bg2 Be7 5. O-O O-O 6. Nc3 Be6 7. b3 Nc6 8. d4
exd4 9. Nxd4 Nxd4 10. Qxd4 c6 11. Re1 Qa5 12. h3 Rfd8 13. e4 a6 14. Bd2 Qa3 15.
Na4 Nd7 16. Bc1 Qb4 17. Bd2 Qa3 18. Bc1 Qb4 19. Bd2 Qa3 1/2-1/2

[Event "Cupa Prieteniei"]
[Site "Satu Mare Str. Marsilia Nr.1"]
[Date "2014.09.22"]
[Round "2.2"]
[White "Florescu, Codrut-Constantin"]
[Black "Orban, Vasile-Gheorghe"]
[Result "0-1"]
[WhiteElo "2191"]
[BlackElo "2036"]
[PlyCount "88"]
[EventDate "2014.09.22"]
[EventRounds "9"]

1. e4 e6 2. d3 d5 3. Nd2 c5 4. Ngf3 Nc6 5. Be2 Bd6 6. O-O Nf6 7. b3 O-O 8. Bb2
Nd7 9. c4 dxe4 10. dxe4 Nde5 11. Nxe5 Bxe5 12. Rb1 Qf6 13. Qc1 b6 14. Bxe5 Qxe5
15. Qb2 Nd4 16. Bd3 Qd6 17. Rfd1 Bb7 18. Bf1 Rad8 19. f3 Qf4 20. Rbc1 Rd7 21.
Nb1 Rfd8 22. Re1 e5 23. Qf2 f5 24. exf5 Nxf5 25. h3 Rd4 26. Be2 Ng3 27. Bf1 Qg5
28. Qe3 Qxe3+ 29. Rxe3 Nxf1 30. Kxf1 Rd1+ 31. Rxd1 Rxd1+ 32. Re1 Rxe1+ 33. Kxe1
e4 34. fxe4 Bxe4 35. Nc3 Bxg2 36. h4 Bc6 37. Kf2 Kf7 38. Kg3 Kf6 39. Kf4 g6 40.
Ne2 h6 41. Ng3 g5+ 42. hxg5+ hxg5+ 43. Ke3 Ke5 44. Nh5 Be4 0-1

[Event "Cupa Prieteniei"]
[Site "Satu Mare Str. Marsilia Nr.1"]
[Date "2014.09.23"]
[Round "4.1"]
[White "Bogdan , Dan"]
[Black "Florescu, Codrut-Constantin"]
[Result "1-0"]
[WhiteElo "2393"]
[BlackElo "2191"]
[PlyCount "79"]
[EventDate "2014.09.22"]
[EventRounds "9"]

1. c4 e5 2. Nc3 Nf6 3. Nf3 Nc6 4. g3 d5 5. cxd5 Nxd5 6. Bg2 Nb6 7. O-O Be7 8.
a4 a5 9. d3 O-O 10. Be3 f6 11. Rc1 Kh8 12. Qb3 Bb4 13. Nb5 Bg4 14. h3 Bd7 15.
Rfd1 Rc8 16. d4 e4 17. Nd2 f5 18. d5 Ne5 19. Rxc7 Rxc7 20. Bxb6 Bxb5 21. axb5
Qd7 22. Bxc7 Qxc7 23. Nb1 b6 24. Nc3 Bxc3 25. bxc3 a4 26. Qxa4 Qxc3 27. Qd4
Qxd4 28. Rxd4 g6 29. f4 exf3 30. exf3 Kg7 31. f4 Nd7 32. d6 Rd8 33. Bc6 Nf8 34.
Kf2 Ne6 35. Rd2 h6 36. Ke3 g5 37. d7 gxf4+ 38. gxf4 Kg6 39. Rd6 Kf7 40. Bd5 1-0

[Event "Satu Mare ROM, Toamna Cup 2014"]
[Site "Satu Mare ROM"]
[Date "2014.09.15"]
[Round "1.2"]
[White "Florescu, Codrut-Constantin"]
[Black "Erdeus, Aurel-Gheorghe"]
[Result "1/2-1/2"]
[WhiteElo "2191"]
[BlackElo "2253"]
[PlyCount "43"]
[EventDate "2014.09.15"]
[EventType "tourn"]
[EventRounds "9"]
[EventCountry "ROM"]
[EventCategory "2"]
[Source "Chess Mix"]

1. d4 d5 2. c4 e6 3. Nc3 Nf6 4. Nf3 Be7 5. Bg5 h6 6. Bh4 b6 7. e3 Qd7 8. Be2
Ba6 9. cxd5 Bxe2 10. Qxe2 exd5 11. O-O O-O 12. Rfd1 Ne4 13. Bxe7 Nxc3 14. bxc3
Qxe7 15. Rac1 Nd7 16. c4 dxc4 17. Rxc4 c5 18. dxc5 Nxc5 19. Rcd4 Rad8 20. Rxd8
Rxd8 21. Rxd8+ Qxd8 22. h3 1/2-1/2

[Event "Satu Mare ROM, Toamna Cup 2014"]
[Site "Satu Mare ROM"]
[Date "2014.09.16"]
[Round "2.5"]
[White "Hasznosi, Lorand"]
[Black "Florescu, Codrut-Constantin"]
[Result "1/2-1/2"]
[WhiteElo "1899"]
[BlackElo "2191"]
[PlyCount "89"]
[EventDate "2014.09.15"]
[EventType "tourn"]
[EventRounds "9"]
[EventCountry "ROM"]
[EventCategory "2"]
[Source "Chess Mix"]

1. e4 c5 2. Nf3 e6 3. d4 cxd4 4. Nxd4 Nf6 5. Bd3 Nc6 6. c3 d5 7. Nxc6 bxc6 8.
e5 Nd7 9. Bf4 Qb6 10. Qc2 a5 11. Nd2 Nc5 12. Be2 Ba6 13. Nb3 Bxe2 14. Kxe2 Qb5+
15. Kd2 Ne4+ 16. Ke1 Rb8 17. Rb1 Bc5 18. Nd4 Bxd4 19. cxd4 h6 20. f3 Ng5 21.
Kf2 Nh7 22. Rhc1 Rb6 23. Qc5 Qxc5 24. Rxc5 Ra6 25. Bd2 a4 26. b3 axb3 27. Rxb3
O-O 28. Ra5 Rxa5 29. Bxa5 Ra8 30. Ra3 f6 31. Bb4 Rb8 32. Bd6 Rb2+ 33. Kg3 Rd2
34. Ra8+ Kf7 35. Bc5 fxe5 36. dxe5 Rc2 37. Bd6 c5 38. a4 d4 39. Rb8 d3 40. Rb1
c4 41. a5 Ra2 42. Bb4 Nf8 43. f4 Nd7 44. Kf3 Re2 45. a6 1/2-1/2

[Event "Satu Mare ROM, Toamna Cup 2014"]
[Site "Satu Mare ROM"]
[Date "2014.09.16"]
[Round "3.1"]
[White "Florescu, Codrut-Constantin"]
[Black "Sandu, Ionel"]
[Result "0-1"]
[WhiteElo "2191"]
[BlackElo "1951"]
[PlyCount "110"]
[EventDate "2014.09.15"]
[EventType "tourn"]
[EventRounds "9"]
[EventCountry "ROM"]
[EventCategory "2"]
[Source "Chess Mix"]

1. d4 Nf6 2. c4 g6 3. Nc3 Bg7 4. e4 d6 5. f3 Na6 6. Bg5 h6 7. Be3 c6 8. Qd2 Nc7
9. g4 e5 10. d5 cxd5 11. cxd5 Bd7 12. h4 h5 13. g5 Nh7 14. O-O-O O-O 15. Kb1 b5
16. Bh3 b4 17. Nce2 Bxh3 18. Nxh3 a5 19. Rc1 Qe7 20. Nf2 Rfb8 21. Rc6 Nb5 22.
Rhc1 Nf8 23. Qd3 Qb7 24. Rb6 Qxb6 25. Bxb6 Rxb6 26. Rc6 Rb7 27. Qc4 Rbb8 28.
Nd3 Nd7 29. Kc1 Na7 30. Kd1 Nb6 31. Rxb6 Rxb6 32. Qc7 Ra6 33. Qb7 Nc8 34. Nec1
Nb6 35. b3 Bf8 36. Nb2 R8a7 37. Qc6 Nd7 38. Qc2 Nc5 39. Na4 Ra8 40. Qh2 Nxa4
41. bxa4 Rc8 42. Ne2 Rc7 43. Qf2 Ra8 44. Qb6 Rac8 45. Qxa5 Rc2 46. Qb5 Rxa2 47.
Nc1 Rac2 48. Nb3 Ra2 49. a5 Rcc2 50. Qxb4 Rh2 51. Nd2 Rxh4 52. a6 Rh1+ 53. Ke2
Rxa6 54. f4 Ra2 55. Ke3 Rh2 0-1

[Event "Satu Mare ROM, Toamna Cup 2014"]
[Site "Satu Mare ROM"]
[Date "2014.09.17"]
[Round "4.5"]
[White "Florescu, Codrut-Constantin"]
[Black "Ambru, Dan Calin"]
[Result "1/2-1/2"]
[WhiteElo "2191"]
[BlackElo "2032"]
[PlyCount "43"]
[EventDate "2014.09.15"]
[EventType "tourn"]
[EventRounds "9"]
[EventCountry "ROM"]
[EventCategory "2"]
[Source "Chess Mix"]

1. d4 d5 2. c4 c6 3. cxd5 cxd5 4. Nf3 Nf6 5. Nc3 Nc6 6. Bf4 Bf5 7. e3 e6 8. Bd3
Bxd3 9. Qxd3 Bd6 10. Bxd6 Qxd6 11. O-O O-O 12. a3 a6 13. Rfc1 Rfc8 14. Ne2 Ne7
15. Rxc8+ Rxc8 16. Rc1 Rxc1+ 17. Nxc1 Ne4 18. Nd2 Nxd2 19. Qxd2 Qc6 20. Ne2 Kf8
21. Qc3 Qxc3 22. Nxc3 1/2-1/2

[Event "Satu Mare ROM, Toamna Cup 2014"]
[Site "Satu Mare ROM"]
[Date "2014.09.17"]
[Round "5.2"]
[White "Levay, Sorin Sebastian"]
[Black "Florescu, Codrut-Constantin"]
[Result "1-0"]
[WhiteElo "2327"]
[BlackElo "2191"]
[PlyCount "41"]
[EventDate "2014.09.15"]
[EventType "tourn"]
[EventRounds "9"]
[EventCountry "ROM"]
[EventCategory "2"]
[Source "Chess Mix"]

1. d4 d5 2. Nc3 e6 3. e4 dxe4 4. Nxe4 Nd7 5. Bd3 Ngf6 6. Qe2 Be7 7. Nf3 O-O 8.
Bg5 c6 9. O-O-O Re8 10. h4 Qc7 11. Bxf6 Nxf6 12. Nxf6+ Bxf6 13. Qe4 g6 14. h5
b6 15. Ne5 Bb7 16. hxg6 hxg6 17. Qf4 Bg7 18. Rh6 Rac8 19. Rdh1 c5 20. Qh4 cxd4
21. Rh8+ 1-0

[Event "Satu Mare ROM, Toamna Cup 2014"]
[Site "Satu Mare ROM"]
[Date "2014.09.18"]
[Round "7.3"]
[White "Orban, Vasile-Gheorghe"]
[Black "Florescu, Codrut-Constantin"]
[Result "1-0"]
[WhiteElo "2036"]
[BlackElo "2191"]
[PlyCount "89"]
[EventDate "2014.09.15"]
[EventType "tourn"]
[EventRounds "9"]
[EventCountry "ROM"]
[EventCategory "2"]
[Source "Chess Mix"]

1. d4 Nf6 2. Nf3 e6 3. c4 b6 4. g3 Bb7 5. Bg2 Be7 6. O-O O-O 7. Nc3 d5 8. cxd5
exd5 9. Qa4 c6 10. Bf4 Nbd7 11. Ne5 c5 12. dxc5 bxc5 13. Nc6 Bxc6 14. Qxc6 Nb6
15. Rfd1 Rc8 16. Qb7 Bd6 17. Nxd5 Nbxd5 18. Bxd5 Rc7 19. Qb3 Ne8 20. Bf3 Qe7
21. Qe3 Bxf4 22. Qxe7 Rxe7 23. gxf4 Nf6 24. Rac1 Rc8 25. Rc4 Rec7 26. Rdc1 Kf8
27. b4 Nd7 28. Bg4 Ke7 29. Bxd7 Kxd7 30. Rxc5 Rxc5 31. bxc5 Kc6 32. e4 Kb5 33.
f5 Rxc5 34. Rxc5+ Kxc5 35. e5 Kd5 36. f4 g6 37. f6 Ke6 38. Kg2 Kf5 39. Kf3 h6
40. h4 g5 41. fxg5 hxg5 42. hxg5 Kxg5 43. Ke4 Kg6 44. Kf4 Kh6 45. Kf5 1-0

[Event "Satu Mare ROM, Toamna Cup 2014"]
[Site "Satu Mare ROM"]
[Date "2014.09.19"]
[Round "8.3"]
[White "Florescu, Codrut-Constantin"]
[Black "Bogdan , Dan"]
[Result "0-1"]
[WhiteElo "2191"]
[BlackElo "2393"]
[PlyCount "76"]
[EventDate "2014.09.15"]
[EventType "tourn"]
[EventRounds "9"]
[EventCountry "ROM"]
[EventCategory "2"]
[Source "Chess Mix"]

1. e4 c5 2. Nf3 Nc6 3. d4 cxd4 4. Nxd4 g6 5. Nc3 Bg7 6. Be3 Nf6 7. f3 O-O 8.
Bc4 Qb6 9. Qd2 Nxe4 10. Nxe4 Bxd4 11. Bxd4 Qxd4 12. Qxd4 Nxd4 13. O-O-O Nc6 14.
Rhe1 d6 15. Kb1 Bf5 16. h3 Rac8 17. Bb3 Bxe4 18. Rxe4 Rc7 19. g4 Kg7 20. Bd5 h6
21. Bxc6 bxc6 22. b3 g5 23. Kb2 f5 24. Re6 fxg4 25. fxg4 Rf6 26. Rxf6 Kxf6 27.
Rf1+ Kg7 28. Kc3 e5 29. Kd2 Rf7 30. Rh1 Rf4 31. Rh2 d5 32. c3 c5 33. Kc2 Kf6
34. a3 a5 35. Kd2 e4 36. b4 cxb4 37. cxb4 axb4 38. axb4 Rf3 0-1

[Event "Satu Mare ROM, Toamna Cup 2014"]
[Site "Satu Mare ROM"]
[Date "2014.09.19"]
[Round "9.4"]
[White "Sogor, Andras-Csaba"]
[Black "Florescu, Codrut-Constantin"]
[Result "1/2-1/2"]
[WhiteElo "1992"]
[BlackElo "2191"]
[PlyCount "45"]
[EventDate "2014.09.15"]
[EventType "tourn"]
[EventRounds "9"]
[EventCountry "ROM"]
[EventCategory "2"]
[Source "Chess Mix"]

1. e4 d5 2. exd5 Nf6 3. d4 Nxd5 4. Nf3 g6 5. c4 Nb6 6. Be2 Bg7 7. O-O O-O 8.
Nc3 Bg4 9. Be3 Nc6 10. d5 Na5 11. Nd2 Bxe2 12. Qxe2 c6 13. dxc6 Nxc6 14. Nf3
Ne5 15. Rad1 Qc8 16. c5 Nbd7 17. Nd5 Re8 18. Rd2 e6 19. Nc3 b6 20. cxb6 axb6
21. Rfd1 Nc5 22. Nxe5 Bxe5 23. Bd4 1/2-1/2

[Event "Cupa Prieteniei"]
[Site "?"]
[Date "2014.09.23"]
[Round "?"]
[White "Sogor, Andras-Csaba"]
[Black "Florescu, Codrut-Constantin"]
[Result "1/2-1/2"]
[WhiteElo "1992"]
[BlackElo "2191"]
[PlyCount "26"]
[EventDate "2014.??.??"]

1. e4 e5 2. Nf3 Nc6 3. Bb5 a6 4. Ba4 Nf6 5. O-O Be7 6. Re1 b5 7. Bb3 d6 8. c3
O-O 9. d4 Re8 10. Ng5 Rf8 11. Nf3 Re8 12. Ng5 Rf8 13. Nf3 Re8 1/2-1/2